000 00611nam a2200241Ia 4500
003 OSt
005 20220924153342.0
006 a|||||r|||| 00| 0
007 ta
008 220923b |||||||| |||| 00| 0 kan d
024 _a349401
037 _cTextual
040 _aARTS
_cARTS
_bkan
041 _2kan
_akan
082 _aO33,6x, N2
100 _aChaudhary Surendra Au.
_9228622
245 0 _aPhaneaswaranatha renu
260 _c1992
300 _a144p.
_ccm.
650 _aKANNAD LITERATURE
942 _hO33,6x, N2
_cTEXL
_2CC
999 _c473295
_d473295